LEADER 01030nam a2200241 i 4500 001 000000058834 003 CaOOAMICUS 005 20121105000000.0 008 121105s1977 it u000 u ita u 013 $a30006 040 $aSeMil$bita 100 1 $aAcerbi, Antonio <1935-2004>.$0(OLS)http://semarc/name/15858 245 13$aIl diritto nella Chiesa :$btensioni e sviluppi nella storia /$cAntonio Acerbi. 260 $aBrescia :$bQueriniana,$ccopyr. 1977. 300 $a206 p. ;$c22 cm. 490 0 $aDipartimento di scienze religiose ;$v6 500 $aContiene : Bibliografia. 650 4$aDiritto canonico - Studi.$0(OLS)http://semarc/subject/1680 830 0$aDipartimento di scienze religiose ;$v6.$0(OLS)http://semarc/title/6145 850 $aSeMil 852 $aSeMil$W1$xVenegono$y1$m2J II 171$j24987$B24987$CSeMilBibl$Z2$F24990 $81 996 $6245$aIl diritto nella Chiesa :$btensioni e sviluppi nella storia$9(OLS)http://semarc/title/91791 996 $6260$aBrescia :$bQueriniana$9(OLS)http://semarc/publisher/29615 LEADER 02369nam a2200301 i 4500 001 000000333591 003 CaOOAMICUS 005 20190729111331.0 008 190520s2019 be u000 u fre u 013 $a237752 020 $a978-90-429-3874-8 040 $aSeMil$bita 041 1 $aeng$aheb 100 1 $aChango, Paul-Marie Fidèle.$0(OLS)http://semarc/name/78663 245 12$aL'Ecclésiaste à la confluence du judaïsme et de l'hellénisme :$bdeux siècles d'histoire des études comparées du Qohélet et des vestiges littéraires et philosophiques grecs /$cpar Paul-Marie Fidèle Chango. 264 1$aLeuven [etc.] :$bPeeters,$c2019. 300 $a179 p. ;$c24 cm. 490 0 $aCahiers de la Revue biblique ;$v93 505 0 $aQuelles sont les dissimilitudes ou les similitudes, les discordances ou les concordances, les divergences ou les convergences ou même les connivences, en un mot quels sont les entrecroisements littéraires et philosophiques entre le Qohélet et le monde grec ? Prenant en compte toute l?histoire de la Philosophie Antique et les textes en Grec classique, l?auteur y répond en offrant une comparaison, verset par verset, du Qohélet avec la littérature et la philosophie grecques depuis les présocratiques jusqu?aux socratiques majeurs et mineurs et conjointement en passant au crible de la critique, tous les vocables, les idées et les éléments structurants qui, durant les deux siècles derniers, ont fait l?objet des études comparées du Qohélet avec la culture grecque 650 4$aEbrei - Civiltà - Influenze dell'ellenismo.$0(OLS)http://semarc/subject/48356 650 4$aBibbia. Antico Testamento. Qohelet - Commentari, studi, critica, interpretazioni.$0(OLS)http://semarc/subject/6967 830 0$aCahiers de la Revue biblique ;$v93.$0(OLS)http://semarc/title/190 850 $aSeMil 852 $aSeMil$W1$xVenegono$y1$m2IA C 93$j230573$B225847$CSeMilBibl$Z2$F225847 $81 996 $6020$a978-90-429-3874-8$9(OLS)http://semarc/number/287300 996 $6245$aL'Ecclésiaste à la confluence du judaïsme et de l'hellénisme :$bdeux siècles d'histoire des études comparées du Qohélet et des vestiges littéraires et philosophiques grecs$9(OLS)http://semarc/title/423221 996 $6264$aLeuven [etc.] :$bPeeters$9(OLS)http://semarc/publisher/32081